Łacina jako język elit
| Titel: | Łacina jako język elit : Uwagi wstępne |
|---|---|
| Verfasser: | |
| In: |
Łacina jako je̜zyk elit, (2004), Seite 7-14; 15-22 alle Artikel anzeigen |
| Veröffentlicht: | 2004 |
| Format: | Aufsatz |
| Sprache: | Polnisch; Englisch |
X
alg: 39392487
001A $01999:12-11-16
001B $01999:29-05-21 $t17:38:39.000
001D $01999:12-11-16
001U $0utf8
001X $00
002@ $0Aox
003@ $0393924874
007A $0393924874 $aHEB
007T $0Herdk64834
010@ $apol $aeng
011@ $a2004
021A $aŁacina jako język elit $dUwagi wstępne
027A $aLatin as the language of the elites. Introductory remarks
028A $aAxer $dJerzy
031A $h7-14; 15-22 $j2004
039B $aIn $8--Aau--. Łacina jako je̜zyk elit. - Warszawa : DiG {[u.a.], 2004. - 516 S.. - ISBN 83-7181-321-X $x200400000000000993 $9126525862
045F $a417.709438 $eDDC23BSB
045F/01 $a417.7
045F/03 $g438
046B $aParallelt.: Latin as the language of the elites. Introductory remarks
lok: 39392487 78
exp: 39392487 78 1 #EPN
201B/01 $018-11-16 $t10:07:43.000
201U/01 $0utf8
203@/01 $0790035391
208@/01 $a12-11-16 $be
209A/01 $a/ $f000 $x00
220C/01 $aTitelaufnehmer: pbb
220C/01 $aHerkunft: IH PAN/PBB Kraków
244Z/01 $2Trx $#Poola $#Lenkija $#Polija $#Polen Land $#Poland $#Lengyelország $#Poľsko $#Polsko $8--Trx--Polska$gkraj $x01 $9391345966
244Z/01 $aGeschichte 1400-1800 $x02
244Z/01 $2Trx $#keel, ladina $#kalba, lotynų $#Language, Latin $#nyelv, latin $#język łaciński $#jazyk latinský $#jazyk latinský $8--Trx--Sprache, lateinische $x03 $9391367110
244Z/01 $2Trx $#suhted, kultuurilised $#santykiai, kultūriniai $#relationships, cultural $#kapcsolatok, kulturális $#stosunki kulturalne $#vzťahy kultúrne $#vztahy kulturní $#Kulturtransfer $8--Trx--Beziehungen, kulturelle $x04 $9391374184
244Z/01 $2Trx $#eliit, kultuurilised $#elitas, kultūros $#Elites, cultural $#elitek, kulturális $#elity kulturalne $#elity, kultúrne $#elity kulturní $8--Trx--Eliten, kulturelle $x05 $939137074X
244Z/01 $2Trx $8--Trx--Einzelbeiträge $x06 $9391384570
245Z/01 $a11.07 $x01
247C/01 $82080>Marburg/Lahn, Herder-Institut, Forschungsbibliothek, Bibliographieportal $9336309341
| LEADER | 00000caa a22000002c 4500 | ||
|---|---|---|---|
| 001 | 393924874 | ||
| 003 | DE-603 | ||
| 005 | 20210529173839.0 | ||
| 007 | tu | ||
| 008 | 161112s2004 xx |||| | u00||u|pol c | ||
| 035 | |a (DE-599)HEB393924874 | ||
| 040 | |a DE-603 |b ger |c DE-603 |d DE-603 | ||
| 041 | |a pol |a eng | ||
| 082 | 0 | 4 | |8 1\u |a 417.709438 |q DE-101 |2 23/BSB |
| 085 | |8 1\u |b 417.7 | ||
| 085 | |8 1\u |z 2 |s 438 | ||
| 100 | 1 | |a Axer, Jerzy | |
| 245 | 0 | 0 | |a Łacina jako język elit |b Uwagi wstępne |
| 246 | 0 | 1 | |i Parallelt. |a Latin as the language of the elites. Introductory remarks |
| 246 | 1 | 3 | |a Latin as the language of the elites. Introductory remarks |
| 264 | 0 | |c 2004 | |
| 773 | 0 | 8 | |i In |t Łacina jako je̜zyk elit |d Warszawa : DiG [u.a.], 2004 |h 516 S. |z 837181321X |g (2004), Seite 7-14; 15-22 |w (DE-603)126525862 |
| 924 | 0 | |9 2080 |a (DE-603)790035391 |b DE-2080 |c HES |d d |g / | |


